MARC details
| 000 -LEADER |
| fixed length control field |
01789nam a2200433 a 4500 |
| 001 - CONTROL NUMBER |
| control field |
20430 |
| 003 - CONTROL NUMBER IDENTIFIER |
| control field |
VRT |
| 005 - DATE AND TIME OF LATEST TRANSACTION |
| control field |
20260122135641.0 |
| 008 - FIXED-LENGTH DATA ELEMENTS--GENERAL INFORMATION |
| fixed length control field |
961209q1995 xo f np 000 0 slo c |
| 020 ## - INTERNATIONAL STANDARD BOOK NUMBER |
| International Standard Book Number |
8088834341 (brož.) |
| 035 ## - SYSTEM CONTROL NUMBER |
| System control number |
UKB000210381 |
| 039 #9 - LEVEL OF BIBLIOGRAPHIC CONTROL AND CODING DETAIL [OBSOLETE] |
| Level of rules in bibliographic description |
201106241208 |
| Level of effort used to assign nonsubject heading access points |
gluc |
| Level of effort used to assign subject headings |
201106240909 |
| Level of effort used to assign classification |
gluc |
| Level of effort used to assign subject headings |
201103080927 |
| Level of effort used to assign classification |
gluc |
| 040 ## - CATALOGING SOURCE |
| Original cataloging agency |
BAA001 |
| Language of cataloging |
slo |
| Transcribing agency |
BAA001 |
| Description conventions |
AACR2 |
| 041 1# - LANGUAGE CODE |
| Language code of text/sound track or separate title |
slo |
| Language code of original |
fre |
| 044 ## - COUNTRY OF PUBLISHING/PRODUCING ENTITY CODE |
| MARC country code |
xo |
| ISO country code |
SK |
| 080 ## - UNIVERSAL DECIMAL CLASSIFICATION NUMBER |
| Universal Decimal Classification number |
844:141.7:321.01 |
| 100 1# - MAIN ENTRY--PERSONAL NAME |
| Personal name |
Montesquieu, Charles-Louis de Secondat, |
| Titles and words associated with a name |
baron, |
| Dates associated with a name |
1689-1755 |
| 243 10 - COLLECTIVE UNIFORM TITLE |
| Uniform title |
<a href="Klasicistická próza">Klasicistická próza</a> |
| 245 10 - TITLE STATEMENT |
| Title |
Človek a občan |
| Remainder of title |
vybrané spisy |
| Statement of responsibility, etc. |
Montesquieu, Jean Jacques Rousseau ; [prel. Anton Vantuch ... et al.] |
| 260 ## - PUBLICATION, DISTRIBUTION, ETC. |
| Place of publication, distribution, etc. |
Rohovce |
| Name of publisher, distributor, etc. |
Interpopulart Slovakia |
| Date of publication, distribution, etc. |
[1995] |
| 300 ## - PHYSICAL DESCRIPTION |
| Extent |
80 s. |
| 490 1# - SERIES STATEMENT |
| Series statement |
Populart. Študentská knižnica |
| Volume/sequential designation |
35 |
| 500 ## - GENERAL NOTE |
| General note |
Klasicistická próza |
| 504 ## - BIBLIOGRAPHY, ETC. NOTE |
| Bibliography, etc. note |
Bibliogr. s. 79, pod čiarou |
| 505 1# - FORMATTED CONTENTS NOTE |
| Formatted contents note |
Perzské listy / Montesquieu ; Rozprava o vedách a umeniach, alebo, o tom, či obnova vied a umení prispela k očiste mravov / Rousseau |
| 650 07 - SUBJECT ADDED ENTRY--TOPICAL TERM |
| Topical term or geographic name entry element |
literatúra francúzska |
| General subdivision |
filozofia politická novoveká a osvietenská |
| -- |
antológie |
| 653 ## - INDEX TERM--UNCONTROLLED |
| Uncontrolled term |
844:141.7:321.01 |
| 700 1# - ADDED ENTRY--PERSONAL NAME |
| Personal name |
Rousseau, Jean-Jacques, |
| Dates associated with a name |
1712-1778 |
| Relationship |
aut |
| 700 1# - ADDED ENTRY--PERSONAL NAME |
| Personal name |
Vantuch, Anton, |
| Dates associated with a name |
1921-, |
| Relationship |
trl |
| 774 0# - CONSTITUENT UNIT ENTRY |
| Title |
Perzské listy |
| Main entry heading |
Montesquieu, Charles-Louis, 1689-1755 |
| 774 0# - CONSTITUENT UNIT ENTRY |
| Title |
Rozprava o vedách a umeniach, alebo, o tom, či obnova vied a umení prispela k očiste mravov |
| Main entry heading |
Rousseau, Jean Jacques, 1712-1778 |
| 830 #0 - SERIES ADDED ENTRY--UNIFORM TITLE |
| Uniform title |
Populart. |
| Name of part/section of a work |
Študentská knižnica |
| 910 ## - USER-OPTION DATA (OCLC) |
| User-option data |
ukb |
| 942 ## - ADDED ENTRY ELEMENTS (KOHA) |
| Source of classification or shelving scheme |
Dewey Decimal Classification |
| Koha item type |
Krásna literatúra pre dospelých |
| Suppress in OPAC |
No |
| 949 ## - LOCAL PROCESSING INFORMATION (OCLC) |
| 6 |
1800009250 |
| a |
30.D.66687 |
| b |
PV.5689-96 |
| 949 ## - LOCAL PROCESSING INFORMATION (OCLC) |
| 6 |
1800009249 |
| a |
SL.D.24710 |
| b |
PV.5690-96 |
| 949 ## - LOCAL PROCESSING INFORMATION (OCLC) |
| 6 |
1800065045 |
| a |
30.D.66687 |
| b |
NA.245-99 |
| 949 ## - LOCAL PROCESSING INFORMATION (OCLC) |
| 6 |
1800084481 |
| a |
30.D.66687 |
| b |
DD.334-2000 |